[Event "Vaujany 2021 Principal"]
[Site "Vaujany"]
[Date "2021.07.15"]
[Round "1.12"]
[White "Rebut, Paul"]
[Black "Dumitrache, Dragos Nicolae"]
[Result "1-0"]
[WhiteElo "2002"]
[BlackElo "2367"]
[PlyCount "41"]
[EventDate "2021.07.15"]
[EventType "swiss"]
[EventRounds "9"]
[EventCountry "FRA"]
[SourceVersionDate "2021.07.15"]

1. d4 d6 2. Bf4 Nf6 3. Nc3 Nbd7 4. Nf3 g6 5. e4 Bg7 6. Qd2 c5 7. Bh6 Bxh6 8.
Qxh6 Qa5 9. O-O-O a6 10. e5 cxd4 11. exf6 dxc3 12. Qg7 Rf8 13. fxe7 Kxe7 14.
Bc4 Qb4 15. Rhe1+ Ne5 16. Bb3 Be6 17. Nxe5 Qf4+ 18. Kb1 Rg8 19. Nxg6+ hxg6 20.
Rxe6+ Kd7 21. Rexd6+ 1-0

[Event "Vaujany 2021 Principal"]
[Site "Vaujany"]
[Date "2021.07.15"]
[Round "1.9"]
[White "Laurent-Paoli, Pierre"]
[Black "Briand, Amaury"]
[Result "1-0"]
[WhiteElo "2407"]
[BlackElo "2017"]
[PlyCount "53"]
[EventDate "2021.07.15"]
[EventType "swiss"]
[EventRounds "9"]
[EventCountry "FRA"]
[SourceVersionDate "2021.07.15"]

{[%evp 0,53,26,17,28,-14,24,7,16,20,20,32,55,-14,24,13,88,58,57,57,104,122,119,
83,121,100,118,120,134,104,166,175,131,144,169,211,242,275,302,297,301,259,268,
263,333,342,494,431,470,466,483,477,478,372,478,488]} 1. d4 d5 2. c4 dxc4 3. e3
e5 4. Bxc4 exd4 5. exd4 Nf6 6. Qb3 Qe7+ 7. Ne2 Qb4+ 8. Nbc3 Qxb3 9. Bxb3 c6 10.
O-O Bd6 11. Bf4 Bxf4 12. Nxf4 O-O 13. Rfe1 Bf5 14. f3 h6 15. g4 Bh7 16. h4 Ne8
17. g5 hxg5 18. hxg5 Bf5 19. g6 Nd6 20. Ne4 Bxe4 21. fxe4 b5 22. gxf7+ Kh7 23.
Ne6 Rxf7 24. Ng5+ Kg6 25. Nxf7 Nxf7 26. Rac1 Nd6 27. e5 1-0

[Event "Vaujany 2021 Principal"]
[Site "Vaujany"]
[Date "2021.07.15"]
[Round "1.40"]
[White "Laouamri, Samy"]
[Black "lakatos , tamas"]
[Result "1/2-1/2"]
[WhiteElo "1715"]
[BlackElo "2072"]
[PlyCount "44"]
[EventDate "2021.07.15"]
[EventType "swiss"]
[EventRounds "9"]
[EventCountry "FRA"]
[SourceVersionDate "2021.07.15"]

1. e4 c6 2. d4 d5 3. e5 Bf5 4. Nf3 e6 5. Nbd2 c5 6. c3 Ne7 7. Nb3 Nec6 8. Bg5
Qc7 9. Nh4 Bg6 10. Nxg6 hxg6 11. Rc1 Nd7 12. Be2 a6 13. O-O Be7 14. Bxe7 Nxe7
15. f4 Nf5 16. Rf3 Qb6 17. g4 Ne7 18. Kg2 c4 19. Nd2 Qxb2 20. Rb1 Qxa2 21. Ra1
Qb2 22. Rb1 Qa2 1/2-1/2

[Event "Vaujany 2021 Principal"]
[Site "Vaujany"]
[Date "2021.07.15"]
[Round "1.1"]
[White "Bauer, C."]
[Black "Keller, C."]
[Result "1-0"]
[WhiteElo "2639"]
[BlackElo "2056"]
[PlyCount "43"]
[EventDate "2021.07.15"]
[EventType "swiss"]
[EventRounds "9"]
[EventCountry "FRA"]
[SourceVersionDate "2021.07.15"]

1. Nf3 Nf6 2. c4 e6 3. Nc3 Bb4 4. g4 Nxg4 5. Rg1 f5 6. h3 Nf6 7. Rxg7 Ne4 8.
Qc2 Qf6 9. Rg2 Bxc3 10. bxc3 Nc6 11. d3 Nc5 12. d4 Ne4 13. Ng5 Nxg5 14. Bxg5
Qf7 15. e4 h6 16. Bh4 d6 17. Be2 e5 18. Qd1 Kf8 19. d5 Ne7 20. Bh5 Qh7 21. Qa4
c6 22. Qa3 1-0

[Event "Vaujany 2021 Principal"]
[Site "Vaujany"]
[Date "2021.07.15"]
[Round "1.8"]
[White "Rayne, Remi"]
[Black "Boyer, Mahel"]
[Result "0-1"]
[WhiteElo "2016"]
[BlackElo "2412"]
[PlyCount "62"]
[EventDate "2021.07.15"]
[EventType "swiss"]
[EventRounds "9"]
[EventCountry "FRA"]
[SourceVersionDate "2021.07.15"]

1. Nf3 Nf6 2. c4 e6 3. d4 c5 4. e3 d5 5. cxd5 exd5 6. Be2 Be7 7. O-O O-O 8.
dxc5 Bxc5 9. Nd4 Nc6 10. Nxc6 bxc6 11. Nd2 Bd6 12. Nf3 Ne4 13. Qc2 Qf6 14. Bd3
Re8 15. Nd2 Qh6 16. f4 Nc5 17. Nf3 Nxd3 18. Qxd3 Qg6 19. Qc3 c5 20. b3 Bb7 21.
Bb2 f6 22. h3 Kh8 23. g4 h5 24. Kf2 d4 25. exd4 Qe4 26. dxc5 Qxf4 27. cxd6 Bxf3
28. Rfe1 Be2+ 29. Kg1 Re3 30. Rxe2 Rxe2 31. Rf1 Qh2# 0-1

[Event "Vaujany 2021 Principal"]
[Site "Vaujany"]
[Date "2021.07.15"]
[Round "1.11"]
[White "Philippe, Guillaume"]
[Black "Bosc, Gabriel"]
[Result "1-0"]
[WhiteElo "2377"]
[BlackElo "2006"]
[PlyCount "103"]
[EventDate "2021.07.15"]
[EventType "swiss"]
[EventRounds "9"]
[EventCountry "FRA"]
[SourceVersionDate "2021.07.15"]

1. e4 e6 2. d3 d5 3. Nd2 Nf6 4. Ngf3 dxe4 5. dxe4 Bc5 6. Bd3 Nc6 7. O-O e5 8.
a3 Bg4 9. h3 Bh5 10. b4 Bb6 11. Bb2 Qe7 12. Qc1 Rd8 13. b5 Nd4 14. Nxd4 Bxd4
15. Bxd4 Rxd4 16. Nb3 Ra4 17. c4 O-O 18. Qc3 Bg6 19. Nd2 b6 20. Bc2 Ra5 21. a4
Nh5 22. g3 Qg5 23. Kh2 f5 24. exf5 Bxf5 25. Bxf5 Rxf5 26. Nb3 e4 27. f4 exf3
28. Rxf3 Nf6 29. Nxa5 Rxf3 30. Qxf3 Qd2+ 31. Kh1 Qxa5 32. Qe3 Kf7 33. Qe1 Qxe1+
34. Rxe1 Nd7 35. a5 Nc5 36. axb6 axb6 37. Kg2 Ne6 38. Kf3 Nc5 39. h4 g6 40. Re5
h6 41. Ke3 Nd7 42. Re4 Nf6 43. Rf4 Ke6 44. Kd4 g5 45. Rf3 gxh4 46. gxh4 h5 47.
Rg3 Ne8 48. Rg6+ Nf6 49. Rg7 Kd6 50. Rf7 Ne8 51. Rf5 Ng7 52. Rf6+ 1-0

[Event "Vaujany 2021 Principal"]
[Site "Vaujany"]
[Date "2021.07.15"]
[Round "1.15"]
[White "Olivier, Jean Christophe"]
[Black "Soyer, Jean Yves"]
[Result "0-1"]
[WhiteElo "2321"]
[BlackElo "1973"]
[PlyCount "74"]
[EventDate "2021.07.15"]
[EventType "swiss"]
[EventRounds "9"]
[EventCountry "FRA"]
[SourceVersionDate "2021.07.15"]

1. e4 c5 2. Nf3 d6 3. d4 cxd4 4. Nxd4 Nf6 5. Nc3 a6 6. Be2 e5 7. Nb3 Be7 8. O-O
O-O 9. Qd3 Be6 10. Nd5 Nbd7 11. c4 Re8 12. Be3 Bf8 13. Rfd1 Ng4 14. Bxg4 Bxg4
15. f3 Be6 16. Rac1 Rc8 17. Qd2 h6 18. Na5 Rb8 19. b4 f5 20. exf5 Bxf5 21. Qf2
e4 22. fxe4 Bxe4 23. Ba7 Ra8 24. Nxb7 Qg5 25. Be3 Qg6 26. Na5 Ne5 27. Nf4 Qf5
28. h3 Rac8 29. Qg3 Nc6 30. Nxc6 Bxc6 31. Nd5 Kh8 32. Bf4 Bb7 33. Bxd6 Bxd6 34.
Qxd6 Re2 35. Qg3 Qe4 36. Re1 Rxc4 37. Rxc4 Rxe1+ 0-1

[Event "Vaujany 2021 Accession"]
[Site "?"]
[Date "2021.07.15"]
[Round "1.2"]
[White "De Geest, Jan"]
[Black "sesia, noah"]
[Result "1/2-1/2"]
[WhiteElo "1499"]
[BlackElo "1816"]
[PlyCount "85"]
[SourceVersionDate "2021.07.15"]

1. e4 e6 2. d4 d5 3. e5 c5 4. c3 Nc6 5. Nf3 Bd7 6. Bd3 Rc8 7. O-O cxd4 8. cxd4
Nb4 9. Nc3 Nxd3 10. Qxd3 Qb6 11. Bd2 Ne7 12. a4 a5 13. Rfb1 Nc6 14. Nb5 Nb4 15.
Bxb4 Bxb4 16. Nd6+ Bxd6 17. exd6 Qxd6 18. Ne5 f6 19. Nxd7 Qxd7 20. b4 axb4 21.
Rxb4 O-O 22. Rab1 Rc7 23. a5 Ra8 24. Qa3 e5 25. g3 Ra6 26. Qa2 Kf7 27. Rb5 Rd6
28. R1b4 Qc6 29. Qb3 Rdd7 30. Rc5 Qd6 31. Rb6 Qe7 32. Rxd5 Rxd5 33. Qxd5+ Kf8
34. a6 Rd7 35. Qe4 bxa6 36. Qxh7 Rd8 37. dxe5 Qxe5 38. Qh8+ Ke7 39. Rb7+ Ke6
40. Qxg7 Qe1+ 41. Kg2 Qe4+ 42. Kh3 Qf5+ 43. Kg2 1/2-1/2

[Event "Vaujany 2021 Principal"]
[Site "Vaujany"]
[Date "2021.07.15"]
[Round "1.3"]
[White "Bailet, Pierre"]
[Black "Delin, Valere"]
[Result "1-0"]
[WhiteElo "2520"]
[BlackElo "2049"]
[Annotator "promoechecs"]
[PlyCount "99"]
[EventDate "2021.07.15"]
[EventType "swiss"]
[EventRounds "9"]
[EventCountry "FRA"]
[SourceVersionDate "2021.07.15"]

1. e4 c5 2. Nf3 d6 3. d4 cxd4 4. Nxd4 Nf6 5. Nc3 Nc6 6. Be2 e5 7. Nb3 Be7 8.
Be3 Be6 9. O-O O-O 10. f3 a6 11. Nd5 b5 12. a4 Rb8 13. Qd2 bxa4 14. Rxa4 a5 15.
Rfa1 Re8 16. Nxa5 Nxa5 17. Rxa5 Bxd5 18. exd5 Rxb2 19. Bb5 Rf8 20. Qc3 Nxd5 21.
Qxb2 Nxe3 22. Bd3 Qc7 23. Ra7 Qc5 24. R1a5 Nc4+ 25. Rxc5 Nxb2 26. Rcc7 Bg5 27.
Kf2 Nxd3+ 28. cxd3 d5 29. Rc5 Bd8 30. Rb7 Bf6 31. Rxd5 g6 32. Rdb5 Kg7 33. Rb8
Rxb8 34. Rxb8 Bg5 35. Rb7 h5 36. Ke2 h4 37. Kf2 Bd2 38. Rd7 Bc3 39. Ke3 Kf6 40.
Rc7 Bd4+ 41. Ke4 Ke6 42. Rc6+ Kd7 43. Ra6 Ke7 44. f4 Bg1 45. fxe5 Bxh2 46. d4
Bg1 47. d5 Kd7 48. Rf6 Ke8 49. Rf4 g5 50. Rg4 1-0

[Event "Vaujany 2021 Principal"]
[Site "Vaujany"]
[Date "2021.07.15"]
[Round "1.7"]
[White "Di Nicolantonio, Lucas"]
[Black "Degraeve, Thomas"]
[Result "1-0"]
[WhiteElo "2414"]
[BlackElo "2023"]
[Annotator "promoechecs"]
[PlyCount "85"]
[EventDate "2021.07.15"]
[EventType "swiss"]
[EventRounds "9"]
[EventCountry "FRA"]
[SourceVersionDate "2021.07.15"]

1. e4 e6 2. d4 d5 3. Nd2 c5 4. exd5 Qxd5 5. Ngf3 cxd4 6. Bc4 Qd7 7. O-O Nf6 8.
Nb3 Nc6 9. Re1 Bb4 10. Bd2 Bxd2 11. Qxd2 O-O 12. Rad1 a6 13. Qf4 b5 14. Bf1 Nd5
(14... Bb7 $5) 15. Qg3 Qc7 $6 (15... Bb7 16. Nbxd4 (16. Nc5 Qe7 17. Nxb7 Qxb7
18. Nxd4 Nxd4 19. Rxd4 {et les noirs sont ok}) 16... Nxd4 17. Rxd4 Qc7) 16.
Qxc7 Nxc7 17. Nfxd4 Nxd4 18. Rxd4 Bb7 19. Nc5 Bd5 20. b3 Rfb8 21. a4 b4 $2 22.
a5 Bc6 23. g3 g6 24. Red1 Bd5 25. Nd7 Rd8 26. Nb6 Rab8 27. Rxb4 Bf3 28. Rd3 Bd1
29. Rbd4 Rxd4 30. Rxd4 Bf3 31. Bg2 Bxg2 32. Kxg2 Kg7 33. c4 e5 34. Rd6 Ne6 35.
b4 Rb7 36. b5 axb5 37. cxb5 Nd4 38. a6 Ra7 39. Rd5 Nxb5 40. Rxb5 Rxa6 41. Nd7
f6 42. Rb7 Kg8 43. Rb6 1-0

[Event "Vaujany 2021 Principal"]
[Site "Vaujany"]
[Date "2021.07.15"]
[Round "1.5"]
[White "Flear, Glenn C"]
[Black "Eveno, Nathan"]
[Result "0-1"]
[WhiteElo "2433"]
[BlackElo "2047"]
[PlyCount "60"]
[EventDate "2021.07.15"]
[EventType "swiss"]
[EventRounds "9"]
[EventCountry "FRA"]
[SourceVersionDate "2021.07.15"]

1. d4 d5 2. c4 e6 3. Nc3 c5 4. cxd5 exd5 5. Nf3 Nc6 6. dxc5 d4 7. Na4 Bxc5 8.
Nxc5 Qa5+ 9. Bd2 Qxc5 10. Rc1 Qb6 11. e3 Nf6 12. Bc4 O-O 13. O-O Bg4 14. exd4
Nxd4 15. Be3 Bxf3 16. Qxd4 Qxd4 17. Bxd4 Bd5 18. Bxf6 Bxc4 19. Bxg7 Rfc8 20.
Bc3 Bxf1 21. Kxf1 f5 22. f4 Rc4 23. g3 b5 24. a3 a5 25. Rd1 b4 26. axb4 axb4
27. Be5 Rc2 28. h3 h5 29. Re1 Rd8 30. Re2 Rdd2 0-1

[Event "Vaujany 2021 Principal"]
[Site "Vaujany"]
[Date "2021.07.15"]
[Round "1.14"]
[White "Breuil, Tristan"]
[Black "Gelas, Christophe"]
[Result "1-0"]
[WhiteElo "1973"]
[BlackElo "2326"]
[Annotator "promoechecs"]
[PlyCount "114"]
[EventDate "2021.07.15"]
[EventType "swiss"]
[EventRounds "9"]
[EventCountry "FRA"]
[SourceVersionDate "2021.07.15"]

1. e4 e6 2. d4 d5 3. Nd2 Nc6 4. c3 e5 5. exd5 Qxd5 6. dxe5 Nxe5 7. Ngf3 Nd3+ 8.
Bxd3 Qxd3 9. Qe2+ Qxe2+ 10. Kxe2 Bf5 11. Nd4 Bg6 12. N2f3 O-O-O 13. Rd1 c5 14.
Nb3 Rxd1 15. Kxd1 Bd6 16. Be3 b6 17. Ke2 Nf6 18. Rd1 Bc7 19. h3 Re8 20. Nh4 Bc2
21. Rc1 Be4 22. Nd2 Bc6 23. Kf1 Nd5 24. Re1 Nxe3+ 25. Rxe3 Rd8 26. Ndf3 Bb5+
27. Ke1 Bf4 28. Re7 Bd3 29. g3 Bc1 30. Ne5 Bxb2 31. Nxd3 Rxd3 32. Rxa7 Bxc3+
33. Ke2 Rd7 34. Ra3 Bf6 35. Nf5 Kc7 36. f4 Kc6 37. g4 g6 38. Ne3 Bb2 39. Rb3
Bc1 40. Nc4 Bxf4 41. Rxb6+ Kd5 42. Kd3 f5 43. a4 Bc7 44. gxf5 gxf5 45. Rf6 f4
46. h4 Rg7 47. Rf5+ Kc6 48. Rf6+ Kd5 49. Rf5+ Kc6 50. Rf6+ Kb7 51. Nd6+ Bxd6
52. Rxd6 Rf7 53. Ke2 f3+ 54. Kf2 h5 55. Rd5 Kb6 56. Rxh5 Rf4 57. Rh8 c4 {
les noirs tombent au temps} 1-0

[Event "Vaujany 2021 Principal"]
[Site "Vaujany"]
[Date "2021.07.16"]
[Round "2.2"]
[White "Trabet, Nicolas"]
[Black "Bailet, Pierre"]
[Result "0-1"]
[WhiteElo "2192"]
[BlackElo "2520"]
[PlyCount "52"]
[EventDate "2021.07.15"]
[EventType "swiss"]
[EventRounds "9"]
[EventCountry "FRA"]
[SourceVersionDate "2021.07.15"]

1. e4 c6 2. d4 d5 3. f3 e6 4. Nc3 Bb4 5. Qd3 b6 6. Nge2 Ba6 7. Qe3 Ne7 8. h4 c5
9. a3 Bxc3+ 10. Nxc3 Bxf1 11. Rxf1 Nbc6 12. Ne2 dxe4 13. dxc5 exf3 14. Qxf3 O-O
15. h5 h6 16. Bd2 bxc5 17. O-O-O Qd5 18. Qg4 Nf5 19. Nc3 Qd4 20. Rf4 Qd8 21.
Ne4 Qe7 22. Bc3 Ncd4 23. Rd3 Rad8 24. Nxc5 e5 25. Rf2 Qxc5 26. Bb4 Nb3+ 0-1

[Event "Vaujany 2021 Principal"]
[Site "Vaujany"]
[Date "2021.07.16"]
[Round "2.1"]
[White "Decuigniere, T."]
[Black "Bauer, C."]
[Result "0-1"]
[WhiteElo "2199"]
[BlackElo "2639"]
[PlyCount "70"]
[EventDate "2021.07.15"]
[EventType "swiss"]
[EventRounds "9"]
[EventCountry "FRA"]
[SourceVersionDate "2021.07.15"]

{[%evp 0,70,24,15,77,20,23,21,43,22,30,20,33,32,30,31,34,41,40,-1,26,5,53,0,-7,
-5,29,24,34,38,16,-71,-27,-39,13,-19,13,-33,-10,-48,-57,-80,-48,-104,26,-74,38,
-89,-177,-196,-186,-170,-155,-147,-164,-216,-157,-149,-154,-164,-173,-167,-145,
-157,-194,-184,-118,-133,-149,-289,-321,-330,-350]} 1. d4 d6 2. c4 e5 3. e3 Nd7
4. Nc3 g6 5. g3 Bg7 6. Bg2 Ne7 7. Nge2 O-O 8. O-O a6 9. b4 exd4 10. exd4 Nf5
11. Bb2 Nb6 12. Qd3 c6 13. c5 Nd7 14. Rad1 d5 15. Nb1 a5 16. a3 b6 17. b5 bxc5
18. bxc6 c4 19. Qd2 Nf6 20. Nbc3 Qd6 21. Nf4 Bh6 22. Rfe1 Nh4 23. Re5 Nxg2 24.
Kxg2 Rb8 25. Bc1 Qxc6 26. Qe1 Bg7 27. Kg1 Bg4 28. Rd2 Rfd8 29. h3 Bf5 30. f3 h6
31. g4 Bc8 32. h4 Bb7 33. g5 Nd7 34. Nfxd5 Nxe5 35. dxe5 Qc5+ 0-1

[Event "Vaujany 2021 Principal"]
[Site "Vaujany"]
[Date "2021.07.16"]
[Round "2.7"]
[White "Berger dit Lacroix, Killian"]
[Black "Philippe, Guillaume"]
[Result "0-1"]
[WhiteElo "2114"]
[BlackElo "2377"]
[Annotator "promoechecs"]
[PlyCount "88"]
[EventDate "2021.07.15"]
[EventType "swiss"]
[EventRounds "9"]
[EventCountry "FRA"]
[SourceVersionDate "2021.07.15"]

{[%evp 0,86,58,6,53,66,81,64,52,49,84,48,62,28,32,43,44,38,74,52,45,16,25,34,
41,46,33,25,35,29,58,39,80,62,30,39,70,93,82,68,64,45,37,17,72,-18,-18,-17,66,
66,66,66,125,-119,-97,-142,-88,-11,10,10,101,54,54,-45,67,67,67,43,11,0,29987,
29988,29989,29986,29987,29988,29989,29990,29991,-47,205,-50,241,-921,-1234,
-1234,-1018,-2507,-29988]} 1. e4 c5 2. Nf3 e6 3. d4 cxd4 4. Nxd4 a6 5. c4 Nf6
6. Nc3 Qc7 7. Be2 b6 8. f4 d6 9. O-O Bb7 10. Bf3 Nbd7 11. Be3 Rc8 12. Rc1 Be7
13. Kh1 Qb8 14. Qe2 Qa8 15. Bg1 O-O 16. g4 Nc5 17. Rfe1 g6 18. b4 Ncd7 19. g5
Ne8 20. h4 Ng7 21. Kh2 Rce8 22. h5 gxh5 23. Bxh5 e5 24. Nf5 Nxf5 25. exf5 exf4
26. Qg4 Ne5 27. Qxf4 Nd3 28. Qg3 Nxe1 29. Rxe1 d5 30. g6 fxg6 31. fxg6 h6 32.
g7 Rf5 33. Bg4 Rg5 34. Be6+ Kxg7 35. Bd4+ Kh7 36. Bf5+ Kg8 37. Be6+ Kh7 38.
Qd3+ Rg6 39. c5 Qd8 40. Qf5 Bd6+ 41. cxd6 Qh4+ 42. Qh3 Qxe1 43. d7 Qd2+ 44. Kh1
Qxd4 0-1

[Event "Vaujany 2021 Principal"]
[Site "Vaujany"]
[Date "2021.07.16"]
[Round "2.17"]
[White "Degraeve, Jean Marc"]
[Black "Vallée, Louis"]
[Result "1-0"]
[WhiteElo "2527"]
[BlackElo "1847"]
[PlyCount "71"]
[EventDate "2021.07.15"]
[EventType "swiss"]
[EventRounds "9"]
[EventCountry "FRA"]
[SourceVersionDate "2021.07.15"]

{[%evp 0,71,19,21,72,49,100,53,43,41,34,43,28,1,15,-27,4,-29,-26,-36,19,-1,11,
-36,-10,-37,28,3,3,-7,-4,-41,30,9,9,-10,21,12,21,-1,48,41,44,15,-4,-53,-71,-99,
-71,-81,-49,-63,-63,-91,0,-112,-119,-68,-68,5,68,66,70,103,103,0,0,0,0,0,-13,
-74,58,22]} 1. e4 c5 2. Nc3 g6 3. f4 Bg7 4. Nf3 Nc6 5. Bb5 Nd4 6. Bd3 Nh6 7.
Nd5 O-O 8. c3 Nxf3+ 9. Qxf3 d6 10. O-O f5 11. exf5 Nxf5 12. g4 Nh6 13. Ne3 Bd7
14. Be4 Rb8 15. d3 Kh8 16. Bd2 b5 17. h3 Qc8 18. a3 a5 19. Rae1 b4 20. axb4
axb4 21. cxb4 cxb4 22. Nd1 e6 23. Qg3 d5 24. Bg2 Ba4 25. Be3 Bb5 26. Nf2 Ng8
27. h4 Bxb2 28. Rb1 Bc3 29. Rfc1 Ne7 30. Rxb4 Bxb4 31. Rxc8 Rbxc8 32. Bd4+ Kg8
33. Qe3 Bd7 34. Qe5 Kf7 35. f5 exf5 36. gxf5 1-0

[Event "Vaujany 2021 Principal"]
[Site "Vaujany"]
[Date "2021.07.16"]
[Round "2.6"]
[White "Sabatier, Mathis"]
[Black "Laurent-Paoli, Pierre"]
[Result "0-1"]
[WhiteElo "2117"]
[BlackElo "2407"]
[PlyCount "96"]
[EventDate "2021.07.15"]
[EventType "swiss"]
[EventRounds "9"]
[EventCountry "FRA"]
[SourceVersionDate "2021.07.15"]

{[%evp 0,96,19,9,89,64,64,37,42,42,54,27,25,36,34,34,40,27,37,24,22,11,22,28,
11,2,55,15,41,29,45,36,43,34,36,24,54,38,46,21,25,-61,-56,-129,-117,-126,-137,
-472,-105,-126,-63,-109,-109,-109,-109,-134,-114,-108,-98,-150,-150,-172,-152,
-250,-250,-250,-250,-250,-250,-250,-258,-255,-247,-245,-162,-162,-155,-220,
-235,-209,-138,-138,-138,-142,-141,-153,-152,-152,-160,-192,-192,-202,-208,
-208,-211,-208,-211,-210,-195]} 1. d4 d6 2. Nf3 Nf6 3. Nbd2 g6 4. e4 Bg7 5. Bd3
O-O 6. O-O Nc6 7. c3 e6 8. Re1 b6 9. Nf1 Bb7 10. Ng3 h6 11. Bd2 Ne7 12. Qc1 Kh7
13. Qc2 Nd7 14. h4 e5 15. h5 Ng8 16. Rad1 Ngf6 17. dxe5 Nxe5 18. Nxe5 dxe5 19.
Be2 Qe7 20. f4 Rad8 21. hxg6+ fxg6 22. f5 Qc5+ 23. Kh1 gxf5 24. Bf3 fxe4 25.
Nxe4 Bxe4 26. Bxe4+ Kh8 27. Be3 Qc4 28. Bf3 Rxd1 29. Rxd1 Qh4+ 30. Kg1 e4 31.
Be2 Ng4 32. Bxg4 Be5 33. Bh3 Qg3 34. Qf2 Rxf2 35. Bxf2 Qf4 36. Re1 Qd2 37. Rxe4
Bh2+ 38. Kf1 Qd3+ 39. Re2 Bg3 40. Bxg3 Qxg3 41. Re8+ Kg7 42. Re7+ Kf6 43. Re6+
Kg5 44. Ke2 Qf4 45. Kd1 Qa4+ 46. Kc1 Qxa2 47. Re5+ Kf6 48. Re6+ Qxe6 0-1

[Event "Vaujany 2021 Principal"]
[Site "Vaujany"]
[Date "2021.07.15"]
[Round "1.4"]
[White "Adrian, L."]
[Black "Guilleux, F."]
[Result "1/2-1/2"]
[WhiteElo "2047"]
[BlackElo "2448"]
[PlyCount "75"]
[EventDate "2021.07.15"]
[EventType "swiss"]
[EventRounds "9"]
[EventCountry "FRA"]
[SourceVersionDate "2021.07.15"]

{[%evp 0,75,24,-3,66,58,51,37,33,12,29,29,29,25,11,11,11,11,8,2,18,16,19,35,30,
23,26,14,25,23,10,-6,-6,-7,-7,-5,-5,-5,121,121,116,-57,-59,-69,-62,-62,-70,-70,
-60,-60,-64,-72,-72,-75,-77,-87,-87,-95,-108,-104,-104,-125,-109,-124,-102,-92,
-105,-96,-101,-109,-75,-88,-61,-69,-72,-67,-64,-64]} 1. c4 g6 2. Nf3 Bg7 3. d4
Nf6 4. g3 d5 5. cxd5 Nxd5 6. Bg2 Nb6 7. O-O Nc6 8. Bf4 Nxd4 9. Nxd4 Qxd4 10.
Bxc7 Qxd1 11. Rxd1 O-O 12. Nc3 Nc4 13. Na4 a5 14. Rac1 Nxb2 15. Nb6 Nxd1 16.
Rxd1 Ra7 17. Bb8 Ra6 18. Nxc8 Re6 19. Bxb7 Rxe2 20. a4 Rb2 21. Rd7 Rxc8 22.
Bxc8 Rxb8 23. Ba6 Rb1+ 24. Kg2 Bf6 25. Bb5 Rb2 26. h4 e6 27. Rd3 Kf8 28. Re3
Bd4 29. Re2 Rb4 30. f4 Ke7 31. Bc6 h6 32. Bb5 Kf6 33. Be8 Ke7 34. Bb5 Bc3 35.
Rc2 Rb3 36. Bc4 Ra3 37. Ra2 Rxa2+ 38. Bxa2 1/2-1/2

[Event "Vaujany 2021 Principal"]
[Site "Vaujany"]
[Date "2021.07.16"]
[Round "2.18"]
[White "Guilleux, F."]
[Black "Emmenecker, Pierre"]
[Result "1-0"]
[WhiteElo "2448"]
[BlackElo "2166"]
[PlyCount "111"]
[EventDate "2021.07.15"]
[EventType "swiss"]
[EventRounds "9"]
[EventCountry "FRA"]
[SourceVersionDate "2021.07.15"]

{[%evp 0,111,19,20,31,20,20,5,26,0,59,63,58,56,68,68,62,67,67,67,63,33,82,65,
72,43,50,44,40,61,30,27,9,4,28,22,38,33,53,32,88,23,40,48,7,55,42,55,86,84,90,
84,73,73,108,101,101,97,100,94,93,85,128,115,119,72,97,117,509,134,134,134,129,
120,124,140,140,185,185,189,189,199,292,159,207,214,191,161,170,157,166,178,
248,74,248,248,435,96,96,457,495,559,615,810,911,972,1116,1159,1242,1242,1252,
1191,1242,1250]} 1. e4 e5 2. Nf3 Nc6 3. Bb5 Bc5 4. c3 f5 5. d4 fxe4 6. Bxc6
dxc6 7. Nxe5 Bd6 8. Qh5+ g6 9. Qe2 Bf5 10. g4 Bxe5 11. gxf5 Bd6 12. Nd2 Qe7 13.
Nxe4 gxf5 14. Ng3 O-O-O 15. Nxf5 Qf7 16. Nxd6+ Rxd6 17. Be3 Nf6 18. c4 Re8 19.
O-O-O b5 20. d5 bxc4 21. dxc6 Rxc6 22. Qf3 Kb7 23. Rd4 Qh5 24. Qxh5 Nxh5 25.
Rg1 Nf6 26. Rg7 Rg8 27. Rxg8 Nxg8 28. Rh4 Nf6 29. Bd4 h5 30. f3 a6 31. Kd2 Rd6
32. Ke3 Re6+ 33. Kf4 Re2 34. Kf5 Nd5 35. Rxh5 c5 36. Bh8 Nb4 37. h4 Nxa2 38.
Rg5 Nb4 39. h5 Nd3 40. h6 Rh2 41. Kg6 Nf4+ 42. Kh7 Ne6 43. Re5 Nf8+ 44. Kg7 Nd7
45. Rg5 Rxb2 46. h7 Rh2 47. Kg8 Nf8 48. Kxf8 Rxh7 49. Rg7+ Rxg7 50. Bxg7 Kc6
51. f4 Kd5 52. f5 a5 53. f6 c3 54. f7 Kc4 55. Ke8 c2 56. Bh6 1-0

[Event "Vaujany 2021 Principal"]
[Site "Vaujany"]
[Date "2021.07.16"]
[Round "2.27"]
[White "Chabaud, M."]
[Black "Olivier, JC."]
[Result "1-0"]
[WhiteElo "1928"]
[BlackElo "2321"]
[PlyCount "109"]
[EventDate "2021.07.15"]
[EventType "swiss"]
[EventRounds "9"]
[EventCountry "FRA"]
[SourceVersionDate "2021.07.15"]

{[%evp 0,109,30,29,29,12,27,27,51,-24,-3,-15,-5,-6,13,2,2,6,42,0,0,-22,-22,-21,
-20,-28,0,-30,-17,-42,-25,-76,-72,-33,-29,-31,-27,-27,-15,-23,26,27,59,-35,-55,
-45,-31,-40,-40,-40,-40,-89,-37,-35,-53,-31,-37,-35,-22,-43,-34,-28,-51,-36,
-33,-73,-15,-10,3,0,7,41,60,19,-6,-46,49,-64,-21,-12,-15,-15,-17,0,-21,-25,149,
160,201,223,222,198,208,219,241,259,315,313,334,312,496,505,505,324,480,470,
491,443,475,340,375,539]} 1. d4 Nf6 2. Bf4 e6 3. e3 b6 4. Qf3 Nc6 5. Nc3 Bb7 6.
O-O-O Bb4 7. Nge2 O-O 8. a3 Na5 9. Qh3 Be7 10. f3 d5 11. g4 c5 12. g5 Ne8 13.
Qg3 Nd6 14. h4 Nf5 15. Qh2 Nc4 16. e4 Nfe3 17. Rd3 Nxf1 18. Rxf1 Rc8 19. Kb1 b5
20. exd5 exd5 21. dxc5 Bxc5 22. Rfd1 Qa5 23. Bc1 b4 24. axb4 Qxb4 25. Na2 Qb6
26. Rb3 Qc6 27. Nd4 Qd7 28. Qf4 Rfe8 29. Qf5 Qxf5 30. Nxf5 Bc6 31. Rbd3 a5 32.
Nd4 Bb7 33. Nc3 Bb4 34. Ndb5 Nb6 35. Be3 Nc4 36. Bd4 Ba6 37. Ka2 Kf8 38. Bg1
Bxb5 39. Nxb5 Ne5 40. Rxd5 Rxc2 41. Kb3 Re2 42. f4 Nf3 43. Nc7 f6 44. Nxe8 Kxe8
45. gxf6 gxf6 46. Rh5 Re4 47. Rxh7 a4+ 48. Ka2 Bd2 49. Bc5 Rxf4 50. Re7+ Kd8
51. Re2 Rxh4 52. Bf2 Rc4 53. Be1 Rd4 54. Rexd2 Nxd2 55. Rxd2 1-0